Biggest Cities That Aren't World Capitals with Exceptions - Statistics

General Stats
  • This quiz has been taken 249 times
  • The average score is 10 of 20
Answer Stats
Population City % Correct
13.2 m Rio de Janeiro
81%
22.4 m Sao Paulo
77%
19.4 m Lagos
75%
4.78 m Barcelona
71%
5.3 m Sydney
71%
6.2 m Milan
70%
5.65 m St. Petersburg
68%
4.98 m Melbourne
63%
5.8 m Alexandria
60%
4.23 m Naples
51%
4.03 m Medellin
46%
4.48 m Casablanca
45%
6.45 m Dar el Salaam
38%
5 m Belo Horizonte
37%
5.6 m Abidjan
31%
3.85 m Recife
31%
4.13 m Porto Alegre
30%
3.6 m Salvador
27%
4.7 m Kano
25%
3.68 m Fortaleza
24%
No matching quizzes found
Score Distribution
Percent of People with Each Score
Percentile by Number Answered
Your Score History
You have not taken this quiz